How has AI Made a Transformation in the Education Sphere?

Saved in:
Bibliographic Details
Main Author: Shumeiko, Natalia, 1972-
Format: Book Chapter
Language:English
Subjects:
Tags: Add Tag
No Tags, Be the first to tag this record!

MARC

LEADER 00000naa$a2200000$$$4500
001 0314751
005 20260205102913.3
041 0 |a eng 
044 |a SK 
245 1 0 |a How has AI Made a Transformation in the Education Sphere?  |c Natalia Shumeiko 
500 |a Abstrakt 
610 2 0 |a vzdelávanie terciárne 
610 2 0 |a vzdelávanie 
610 2 0 |a technológie nové 
610 2 0 |a inteligencia umelá 
100 1 |a Shumeiko, Natalia, 1972-